00669nam a2200205 a 450000100060000000300080000600500170001400800410003103500190007204000480009104100080013908200250014710000280017224500520020026000570025230000280030950400500033765100400038765100360042742176BD-RjUL20211209053514.0160611s1953 mnua b 001 0 eng d a(BD-RjUL)42294 aDLCcWSUdSERdm.c.dOCLdEQOdBD-RjULbeng aeng a327.51223bLEM 19531 aLevi, Wernerd1912-200510aModern China's foreign policy /cby Werner Levi aMinneapolis :bUniversity of Minnesota Press,cc1953 a399 p. :bill ;c24 cm. aIncludes bibliographical references and index 0aChinaxForeign relationsy1912-1949 0aChinaxForeign relationsy1949-